Loading...
| History - European | 0 | 3 | 1 | 1 | 25 | 111 | 134.67 | 0 | 0 | 0.90 | 6.06 |
| Religion | 0 | 2 | 0 | 0 | 20 | 123 | 130.50 | 0 | 0 | 0.07 | 4.55 |
| Fine Arts - Classical Music | 0 | 1 | 0 | 0 | 10 | 137 | 137.00 | 0 | 0 | 0.00 | 1.52 |
| History - American | 0 | 1 | 0 | 0 | 10 | 116 | 116.00 | 0 | 1 | -0.08 | 4.55 |
| History - World | 0 | 1 | 0 | 0 | 10 | 124 | 124.00 | 0 | 0 | 0.00 | 3.03 |
| Mythology | 0 | 1 | 0 | 0 | 10 | 121 | 121.00 | 0 | 1 | 1.56 | 4.55 |
| Other Academic | 0 | 1 | 0 | 0 | 10 | 137 | 137.00 | 0 | 0 | 10.46 | 33.33 |
| Pop Culture | 0 | 1 | 0 | 1 | 10 | 138 | 138.00 | 0 | 0 | 0.00 | 5.56 |
| Science - Biology | 0 | 1 | 0 | 0 | 10 | 122 | 122.00 | 0 | 0 | 0.00 | 1.52 |
| Geography | 0 | 1 | 1 | 0 | 5 | 59 | 59.00 | 1 | 1 | 13.65 | 25.00 |
| History - Other | 0 | 1 | 1 | 0 | 5 | 111 | 111.00 | 0 | 1 | 1.93 | 4.55 |
| Philosophy | 0 | 0 | 0 | 0 | 0 | 0.00 | 0 | 0 | 0.00 | 0.00 | |
| Science - Other | 0 | 0 | 0 | 0 | 0 | 0.00 | 0 | 0 | 0.00 | 0.00 | |
| Fine Arts - Painting and Sculpture | 0 | 0 | 1 | 0 | -5 | 0.00 | 0 | 0 | 0.00 | 0.00 | |
| Social Science | 0 | 0 | 1 | 0 | -5 | 0.00 | 0 | 0 | 0.00 | 0.00 |